000 00352nam a2200157Ia 4500
003 OSt
005 20240109144001.0
008 170524s9999 xx 000 0 und d
020 _a9788126515684
040 _cIIMT UNIVERSITY
100 _aSaloner - Podlny T
100 _c2011
245 0 _aSTRATEGIC MANAGEMENT
260 _aWILEY
942 _2ddc
_c02
999 _c2511
_d2511